Classement des 50 meilleurs titres de Jean-Jacques Goldman - Statistiques

Statistiques générales
  • Ce quiz a été pris 160 fois
  • Le résultat moyen est 23 sur 50
Statistiques - réponses
Classement Chanson Interprète(s) % Correct
8 Je te donne Goldman / Jones
90%
2 Là-bas Jean-Jacques Goldman / Sirima
90%
17 Quand la musique est bonne Jean-Jacques Goldman
86%
4 Envole-moi Jean-Jacques Goldman
85%
7 La vie par procuration Jean-Jacques Goldman
70%
6 Pas toi Jean-Jacques Goldman
70%
3 Comme toi Jean-Jacques Goldman
68%
10 Je marche seul Jean-Jacques Goldman
68%
23 J'irai où tu iras Jean-Jacques Goldman / Céline Dion
65%
20 À nos actes manqués Fredericks / Goldman / Jones
64%
19 Il suffira d'un signe Jean-Jacques Goldman
62%
21 Encore un matin Jean-Jacques Goldman
61%
1 Puisque tu pars Jean-Jacques Goldman
61%
14 Il changeait la vie Jean-Jacques Goldman
59%
24 On ira Jean-Jacques Goldman
59%
22 Elle a fait un bébé toute seule Jean-Jacques Goldman
58%
5 Né en 17 à Leidenstadt Fredericks / Goldman / Jones
58%
27 4 mots sur un piano Patrick Fiori / Jean-Jacques Goldman / Christine Ricol
57%
11 Tournent les violons Jean-Jacques Goldman
57%
13 Famille Jean-Jacques Goldman
53%
16 Pour que tu m'aimes encore Céline Dion
53%
15 Au bout de mes rêves Jean-Jacques Goldman
52%
47 Bonne idée Jean-Jacques Goldman
51%
35 Rouge Fredericks / Goldman / Jones
50%
12 L'Envie Johnny Hallyday
49%
9 Je te promets Johnny Hallyday
46%
39 Ensemble Jean-Jacques Goldman
44%
25 Juste après Fredericks / Goldman / Jones
41%
31 Un, deux, trois Jean-Jacques Goldman
41%
26 C'est ta chance Jean-Jacques Goldman
40%
37 Entre gris clair et gris foncé Jean-Jacques Goldman
35%
34 Il me dit que je suis belle Patricia Kaas
33%
33 Laura Johnny Hallyday
33%
29 Elle attend Jean-Jacques Goldman
32%
44 Les choses Jean-Jacques Goldman
32%
38 Long Is The Road Jean-Jacques Goldman
32%
45 Nuit Fredericks / Goldman / Jones
29%
30 Sache que je Jean-Jacques Goldman
28%
28 S'il suffisait d'aimer Jean-Jacques Goldman / Céline Dion
28%
32 Petite fille Jean-Jacques Goldman
26%
41 Je sais pas Céline Dion
25%
36 Veiller tard Jean-Jacques Goldman
25%
49 J'en rêve encore Gérald de Palmas
23%
18 La Chanson des Restos Jean-Jacques Goldman
21%
48 C'est pas d'l'amour Fredericks / Goldman / Jones
20%
40 Pas l'indifférence Jean-Jacques Goldman
19%
46 Les derniers seront les premiers Jean-Jacques Goldman / Céline Dion
18%
42 J'oublierai ton nom Johnny Hallyday
16%
50 Vivre cent vies Fredericks / Goldman / Jones
13%
43 Sister Jane Jean-Jacques Goldman
8%
Aucun quiz correspondant
Distribution des résultats
% des personnes avec chaque résultat
Percentile par nombre de réponses
Votre historique - résultats
Vous n’avez pas pris ce quiz